000 00582nam a22002177a 4500
999 _c3394
_d3394
003 OSt
005 20231220080652.0
008 231220b ||||| |||| 00| 0 eng d
020 _a9789670697499
040 _cKH8
082 _a400 NUR
100 _aNur Fatihah,
_eauthor.
245 _aSayangi Jantung /
_cNur Fatihah.
260 _aJohor;
_bPustaka Nenas,
_c2018.
300 _a24 pages :
_bcolor illustrations;
_c19 cm x 26 cm.
440 _aSiri Jom Sihat
650 _aMalaysian fiction
650 _aChildren stories
_vMalay
830 _aSiri Jom Sihat
942 _2ddc
_cTR